| 000 | 00827nam a2200229Ia 4500 | ||
|---|---|---|---|
| 999 |
_c3424 _d3424 |
||
| 003 | OSt | ||
| 005 | 20200316141750.0 | ||
| 008 | 191128s2007 us a fr 000 0 spa d | ||
| 040 |
_aCO-JMCR _cCO-JMCR |
||
| 041 | 0 | _aspa | |
| 082 | 0 | 4 |
_a158.2 / _bO42r |
| 100 | 1 |
_aOlalla, Julio, _eautor _91561 |
|
| 245 | 1 | 3 |
_aEl ritual del coaching / _cJulio Olalla |
| 250 | _aCuarta edición | ||
| 260 |
_aBoulder : _bNewfield, _c[2007] |
||
| 300 |
_a159 Páginas : _bilustraciones a blanco y negro ; _c18 cm. |
||
| 505 | 0 | _aEl momento histórico del coaching -- Recobrando el alma como dominio de aprendizaje -- El ritual -- El contexto emocional del coaching -- Las competencias del coach | |
| 650 | 1 | 4 |
_aCoaching personal _91562 |
| 650 | 1 | 4 |
_aTécnicas de autoayuda _91563 |
| 650 | 1 | 4 |
_aPalabras y frases _91564 |
| 942 |
_2ddc _cBK |
||